000 00461nam a2200181Ia 4500
001 4440
005 20260306145756.0
008 260306t2005||||xx |||||||||||||| ||spa||
041 _aESP
082 _a321.80985
_bE92
100 _aVich, Victor (Ed.)
_eAUT
245 0 _aEl estado está de vuelta:
_bdesigualdad, diversidad y democracia
260 _c2005
300 _a282 páginas :
_c20 cm.
650 _aGEN
654 _aCDE
942 _cLIB
_dJUS
_fJUS
_2ddc
_n
999 _c4440
_d4440